Processing and reinforcement of starch in natural rubber latex masterbatch (Record no. 65763)

MARC details
000 -LEADER
fixed length control field 00531nam a2200169Ia 4500
100 ## - MAIN ENTRY--AUTHOR NAME
Personal name Chuoy-Plong P
245 #0 - TITLE STATEMENT
Title Processing and reinforcement of starch in natural rubber latex masterbatch
260 ## - PUBLICATION, DISTRIBUTION, ETC. (IMPRINT)
Name of publisher Proceedings of the International Conference on Rubber Technology, Kuala Lumpur, 1993
Year of publication 1993
500 ## - GENERAL NOTE
General note Source Year: 1994
650 ## - SUBJECT ADDED ENTRY--TOPICAL TERM
Topical Term Natural rubber
650 ## - SUBJECT ADDED ENTRY--TOPICAL TERM
Topical Term Rubber price
650 ## - SUBJECT ADDED ENTRY--TOPICAL TERM
Topical Term Synthetic rubber
700 ## - ADDED ENTRY--PERSONAL NAME
Personal name Hepburn C
856 ## - ELECTRONIC LOCATION AND ACCESS
Uniform Resource Identifier irrdb
942 ## - ADDED ENTRY ELEMENTS (KOHA)
Koha item type Journals
Holdings
Withdrawn status Lost status Damaged status Not for loan Home library Current library Shelving location Date acquired Koha item type
      Journals RRII Library RRII Library Rubber chemistry 17/12/2021 Journals